Livros proibidos no Estado Novo (Registo nº 968)

Detalhes MARC
000 -Etiqueta do registo
Cabeçalho 01102nam a2200361 4500
005 - Identificador da versão
Campo de controlo 20240813121820.0
010 ## - Número internacional normalizado dos livros (ISBN)
Número (ISBN) 9725563611
021 ## - Número do Depósito Legal
Código do país PT
Número 225368/05
035 ## - Other System Control Numbers
System Control Number 0001033
System Control Number 0001016
100 ## - Dados gerais de processamento
Dados gerais de processamento 20060620d2005 m a0pory5003 ba
102 ## - Pais de publicação ou produção
País de publicação Portugal
101 0# - Língua de publicação
Língua do texto, banda sonora, etc. Português
106 ## - Campo de dados codificados: material textual
Dados codificados do material textual r
105 ## - Campo de dados codificados: livros
Dados codificados dos livros a b 000yy
215 ## - Descrição física 
Indicação específica da natureza do documento e extensão da espécie 205 p.
Outras indicações físicas il.
Dimensões 30 cm
200 1# - Titulo e menção de responsabilidade
Título próprio Livros proibidos no Estado Novo
Primeira menção de responsabilidade org. Manuela Ferrão, Susana Oliveira, Teresa Fonseca
Outras menções de responsabilidade apresent. João Bosco Mota Amaral
205 ## - Menção da edição
Menção da edição [1aed.]
210 ## - Publicação, Distribuição, etc. 
Lugar da edição, distribuição, etc. Lisboa
Nome do editor, distribuidor, etc. Assembleia da República
Data da publicação, distribuição, etc. 2005
320 ## - Nota relativa a bibliografia e índices internos 
Texto da nota Bibliografia, p. 205
606 ## - Nome comum usado como assunto
Número de registo de entrada de autoridade 0001293
Código do sistema SIPOR
675 ## - Classificação Decimal Universal (CDU)
Notação 061.4
Edição BN
Língua da edição por
Notação 098.1(469)"1933/1974"(083.82)
Edição BN
Língua da edição por
Notação 351.75(469)"1933/1974"(083.82)
Edição BN
Língua da edição por
702 #1 - Nome de autor-pessoa física (responsabilidade secundária)
Número de registo de entrada de autoridade 0001182
Palavra de ordem Ferrão
Outra parte do nome não tomada para palavra de ordem Manuela
Código de função Organizador de exposição / Comissário de exposição
Número de registo de entrada de autoridade 0001184
Palavra de ordem Fonseca
Outra parte do nome não tomada para palavra de ordem Teresa
Datas 1950-
Código de função Organizador de exposição / Comissário de exposição
Número de registo de entrada de autoridade 0001297
Palavra de ordem Amaral
Outra parte do nome não tomada para palavra de ordem Mota
Datas 1943-
Código de função Autor da introdução / Prefaciador
Número de registo de entrada de autoridade 0001298
Palavra de ordem Oliveira
Outra parte do nome não tomada para palavra de ordem Susana
Código de função Organizador de exposição / Comissário de exposição
942 ## - Elementos de entrada adicionados (Koha)
Tipo de item no Koha Livro
Exemplares
Situação do levantamento Origin of item (home branch) (coded) Biblioteca de empréstimo Código de barras Cota Circulation type (not for loan) Tipo de documento Nota do exemplar Damaged status
  Biblioteca Escolar Eng. Nuno Mergulhão Biblioteca Escolar Eng. Nuno Mergulhão BENM1715 061.4 FER   Livro Sem mensagem